000 01528nam a22002057a 4500
008 230201e20230628 ||||| ||||o00| 0 eng d
110 _96329
_aRegulator of Social Housing
245 _aDamp and mould in social housing
_blearning the lessons
260 _bRegulator of Social Housing
_c28 June 2023
520 _aA report into the extent of damp and mould issues in homes owned by large registered social housing providers in England and lessons learned
520 _aFollowing the coroner’s November 2022 report into the death of Awaab Ishak in Rochdale, RSH asked all larger registered providers of social housing to submit evidence to us about the extent of damp and mould in tenants’ homes and their approach to tackling it. This covered local authorities and private providers such as housing associations who together own and manage over four million homes in England. In February 2023, RSH published an initial findings report from the high level analysis of the information that was submitted. This report is the final analysis and conclusions from the information provided and lessons learned.
650 _aMOULD
650 _aDAMP
650 _aSOCIAL HOUSING
651 _aUnited Kingdom
690 _96223
_aBuilding materials & defects
690 _96222
_aBuilding control
710 _96329
_aRegulator of Social Housing
856 _uhttps://assets.publishing.service.gov.uk/government/uploads/system/uploads/attachment_data/file/1165621/20230627_RSH_Damp_and_Mould_Report.pdf
_zAvailable on .gov.uk
999 _c121598
_d121598